Datum a čas kvízu
34.5
Celkem bodů
Celkový počet nahraných bodů na tomto kvízu bez doplňovacích otázek.
4.
Pořadí na kvízu
Konečné umístění týmu na tomto kvízu.
Zaznamenané odpovědi
| # | Otázka | Odpověď | Body | Výsledky |
|---|---|---|---|---|
| 1. | Novinářskou cenu Ferdinanda Pe... | 0 | ||
| 2. | Část historických královských... | 1 | ||
| 3. | Známý britský herec a komik od... | 1 | ||
| 4. | Společnost Google minulý týden... | 0 | ||
| 5. | Jak se jmenuje vítězný tým fin... | 0 | ||
| 6. | O Venezuele se poslední dobou... | 1 | ||
| 7. | Důvodem, proč se o Venezuele m... | 1 | ||
| 8. | Jak se slovy na V a K česky ří... | 0 | ||
| 9. | Jak se jmenuje jedna z největš... | 1 | ||
| 10. | Vzhledem k přírodním podmínkám... | 1 |